Szczegóły MARC21

Encyklopedia katolicka : wykaz skrótów /

003 -Nazwa inst., której nr kontr. jest w polu 001 [,]
    • @
    • Nazwa instytucji, której n kontrolny jest w polu 001
    • NUKAT
005 -DATA I CZAS OSTATNIEJ MODYFIKACJI [,]
    • @
    • pole kontrolne
    • 20241231115016.0
040 -Instytucja sporządzająca opis [ , ]
    • a
    • Instytucja, która sporządziła opis (NP)
    • GD U/DC
    • c
    • Instytucja, która sporządziła rekord (NP)
    • GD U/DCs
942 -Rodzaj dokumentu [ , ]
    • c
    • Rodzaj dokumentu
    • Książka
245 -Strefa tytułu i oznaczenia odpowiedzialności [0,0]
    • a
    • Tytuł
    • Encyklopedia katolicka : Find
    • b
    • Ciąg dalszy tytułu (NP)
    • wykaz skrótów / Find
    • c
    • Pozostałe elementy strefy tytułu i oznaczenia odpowiedzialności (NP)
    • oprac. Jan Warmiński ; Katolicki Uniwersytet Lubelski.
250 -Strefa wydania [ , ]
    • a
    • Oznaczenie wydania (NP)
    • Wyd. 2 popr. i rozsz.
260 -Strefa adresu wydawniczego [ , ]
    • a
    • Miejsce wydania (P)
    • Lublin :
    • b
    • Nazwa wydawcy (P)
    • Towarzystwo Naukowe Katolickiego Uniwersytetu Lubelskiego,
    • c
    • Data wydania (P)
    • 1993.
300 -Strefa opisu fizycznego [ , ]
    • a
    • Określenie formy książki i/lub objętość (NP)
    • 127 s. ;
    • c
    • Format (NP)
    • 26 cm.
336 -Typ zawartości [ , ]
    • a
    • Termin opisujący typ zawartości
    • Tekst
    • b
    • Kod określający zawartość
    • txt
    • 2
    • Źródło (terminu i kodu)
    • rdacontent
337 -Typ mediów [ , ]
    • a
    • Tryb odtwarzania
    • Bez urządzenia pośredniczącego
    • b
    • Kod typu mediów
    • n
    • 2
    • Źródło (terminu i kodu)
    • rdamedia
338 -Typ/rodzaj nośnika [ , ]
    • a
    • Hasło opisujące typ nośnika
    • Wolumin
    • b
    • Kod typu nośnika
    • nc
    • 2
    • Źródło (terminu i kodu)
    • rdacarrier
080 -Uniwersalna Klasyfikacja Dziesiętna [ , ]
    • 2
    • Identyfikator wydania tablic
    • UDC-P058
    • a
    • Symbol klasyfikacji
    • 27
    • b
    • Dopowiedzenie
    • Chrześcijaństwo.
    • 9
    • UKD
    • 2575
    • 4
    • UKD2
    • 8297
    • x
    • Poddział wspólny
    • (03)
    • c
    • Dopowiedzenie poddz. wspólnego
    • (Encyklopedie. Słowniki encyklopedyczne. Wydawnictwa informacyjne).
650 -Hasło przedmiotowe [ ,7]
    • a
    • Hasło przedmiotowe
    • Kościół katolicki
    • v
    • Określnik formalny
    • encyklopedie.
    • 2
    • Źródło terminu
    • kaba
    • 9
    • KHW
    • 355037
980 -Symbol UKD [ , ]
    • a
    • UKD
    • 27(03)
700 -Hasło dodatkowe - nazwa osobowa [1, ]
    • a
    • Nazwa osobowa (NP)
    • Warmiński, Jan Find
    • d
    • Daty biograficzne (NP)
    • (1945- ).
    • e
    • Określenie rodzaju współpracy
    • Oprac.
    • 9
    • KHW
    • 88981
710 -Hasło dodatkowe - nazwa ciała zbiorowego [2, ]
    • a
    • Nazwa ciała zbiorowego lub nazwa geograficzna jako pierwszy element (NP)
    • Towarzystwo Naukowe Katolickiego Uniwersytetu Lubelskiego.
    • 4
    • Kod relacji
    • pbl
    • 9
    • KHW
    • 9156
Status udost. Numer inwentarzowy Lokalizacja Data inwentaryzacji
1Z.87644BG1996-01-04
1H.5601BNS1996-01-04
-3F.26020BNS1996-01-04
2H.16744BNS2007-10-09